في المسألة الكروية : كرة القدم من منظور اسلامي

Bibliographic Details
Main Author: حلابه, سامي (Author)
Format: Book
Language:Arabic
Published: al-Mansurah : Dar al-Wafa' , 2010
Edition:الطبعة 1
Subjects:

MARC

LEADER 00000cam a2200000 7i4500
001 0000066708
005 20110724093000.0
008 100714s2010 ua ara
020 |a 9771506374 
050 0 0 |a GV706.42   |b .H35 2010 
090 0 0 |a GV706.42   |b .H35 2010 
100 1 |a حلابه, سامي ,   |e author 
241 1 0 |a Fi masalah al-Korwiyah 
245 1 0 |a في المسألة الكروية :   |b كرة القدم من منظور اسلامي   |c سامي حلابه 
250 |a الطبعة 1 
260 |a al-Mansurah :   |b Dar al-Wafa' ,   |c 2010 
300 |a 160 p. ;   |c 20 cm. 
504 |a Includes bibliographical references and index 
650 0 |a Sports   |x Religious aspects   |x Islam 
999 |a 1000132359   |b Book   |c OPEN SHELF (30 DAYS)   |e Gong Badak Campus